000 00291nam a2200133Ia 4500
100 _aCondon/E.U/ Odisgaw H
250 _a2
942 _cRB
654 _ahandbook
245 _aHandbook of Physics
260 _bMcGraw Hill
_aNew York
_c1967
082 _a530.0202
_bCON
546 _aENGLISH
999 _c30398
_d30398